000 00702nam a2200205Ia 4500
001 9160
003 GE_BSU
008 181216s||||||||xx |||||||||||||| ||und||
040 _cGE_BSU
080 _a821-353.1-32
100 _aლომიძე,ანდრო
245 _aნოველები და მოთხრობები
245 _cრედ:ირ.არაბული;მხატვ:ვ.ტოროტაძე;გ.გულისაშვილი
260 _aთბილისი.
260 _bსახელგამი
260 _c1956
300 _a185გვ;20სმ.
653 _aნოველები და მოთხრობები
942 _cBK
999 _c42464
_d42464